[Event "WchT Seniors 50"]
[Site "Hersonissos"]
[Date "2017.04.30"]
[Round "7.8"]
[White "Kvisth, Bengt"]
[Black "Adams, Mark"]
[Result "1/2-1/2"]
[WhiteElo "1721"]
[BlackElo "1971"]
[PlyCount "33"]
[EventDate "2017.04.24"]
[EventType "team-swiss"]
[EventRounds "9"]
[EventCountry "GRE"]
[SourceTitle "EXT 2018"]
[Source "ChessBase"]
[SourceDate "2017.10.13"]
[SourceVersion "1"]
[SourceVersionDate "2017.10.13"]
[SourceQuality "1"]
[WhiteTeam "Sweden II"]
[BlackTeam "Wales"]
[WhiteTeamCountry "SWE"]
[BlackTeamCountry "WLS"]

1. d4 Nf6 2. c4 e6 3. Nc3 Bb4 4. e3 0-0 5. Bd3 Bxc3+ 6. bxc3 b6 7. Nf3 Bb7 8. 0-0 d6 9. Re1 Nbd7 10. e4 e5 11. Bg5 h6 12. Bh4 Re8 13. Nd2 Nf8 14. d5 Ng6 15. Bg3 a5 16. a4 Bc8 17. h3 1/2-1/2

[Event "Rostock SSC 07 op 15th"]
[Site "Rostock"]
[Date "2016.07.27"]
[Round "1"]
[White "Hanisch, Sebastian"]
[Black "Kvisth, Bengt"]
[Result "1-0"]
[WhiteElo "2116"]
[BlackElo "1752"]
[PlyCount "95"]
[EventDate "2016.07.27"]
[EventType "swiss"]
[EventRounds "7"]
[EventCountry "GER"]
[SourceTitle "EXT 2017"]
[Source "ChessBase"]
[SourceDate "2016.10.25"]
[SourceVersion "1"]
[SourceVersionDate "2016.10.25"]
[SourceQuality "1"]

1. d4 Nf6 2. c4 g6 3. g3 Bg7 4. Bg2 0-0 5. e4 d6 6. Ne2 Nbd7 7. 0-0 e5 8. d5 Nc5 9. Nbc3 a5 10. Bg5 h6 11. Be3 b6 12. h3 Bd7 13. Qd2 Kh7 14. Rae1 Qe8 15. Kh2 Ng8 16. f4 f5 17. fxe5 Bxe5 18. Bd4 Bxd4 19. Nxd4 fxe4 20. Rxf8 Qxf8 21. Nxe4 Nxe4 22. Bxe4 Re8 23. Bd3 Rxe1 24. Qxe1 Qf6 25. Qe3 Ne7 26. g4 Qe5+ 27. Qxe5 dxe5 28. Nf3 e4 29. Bxe4 b5 30. Ne5 Be8 31. c5 Kg7 32. d6 Kf6 33. d7 Bxd7 34. Nxd7+ Ke6 35. c6 g5 36. Kg3 Kd6 37. Kf3 Nxc6 38. Bxc6 Kxc6 39. Ne5+ Kd5 40. Nf7 c5 41. Ke3 c4 42. Nxh6 b4 43. Kd2 a4 44. Nf7 a3 45. bxa3 bxa3 46. Kc3 Ke6 47. Nxg5+ Kf6 48. Nf3 1-0